| 000 | 00837nam a2200217Ia 4500 | ||
|---|---|---|---|
| 001 | 11389 | ||
| 003 | GE_BSU | ||
| 008 | 181216s||||||||xx |||||||||||||| ||und|| | ||
| 040 | _cGE_BSU | ||
| 080 | _a582.711.712 | ||
| 100 | _aსამხარაძე-მერკვლიშვილი თ. | ||
| 245 | _aვარდი აჭარის შავი ზღვის სანაპიროზე | ||
| 245 | _cრედ: მ. ექვთიმიშვილი | ||
| 260 | _aთბილისი. | ||
| 260 | _bმეცნიერება. | ||
| 260 | _c1964 | ||
| 300 | _a243გვ.22სმ. | ||
| 300 | _eილ. რეზიუმე გვ.217, საძიებელი გვ.221-225 | ||
| 653 | _aვარდი აჭარის შავი ზღვის სანაპიროზე | ||
| 942 | _cBK | ||
| 999 |
_c44586 _d44586 |
||